Sports Quiz

Random Sports or NBA Quiz

NBA 2014-15 Players of the Month Quiz Stats

Quiz not verified by Sporcle

Challenge
Share
Tweet
Embed
Score 0/16 Timer 03:00
0 Plays Today
Hint Answer % Correct
FebruaryLeBron James
99.2%
MarchLeBron James
99.2%
NovemberStephen Curry
94.4%
FebruaryRussell Westbrook
90.9%
MarchRussell Westbrook
90.9%
AprilRussell Westbrook
90.9%
DecemberJames Harden
90.4%
JanuaryJames Harden
90.4%
Hint Answer % Correct
JanuaryAl Horford
88.4%
JanuaryJeff Teague
88.1%
JanuaryKyle Korver
86.6%
JanuaryPaul Millsap
85.6%
JanuaryDeMarre Carroll
78.7%
NovemberJimmy Butler
62.5%
DecemberKyle Lowry
62.5%
AprilDeMar DeRozan
52.7%

You're not logged in!

Compare scores with friends on all Sporcle quizzes.
Sign Up with Email
OR
Log In

You Might Also Like...

Show Comments

Extras

Top Quizzes Today


Score Distribution

Your Account Isn't Verified!

In order to create a playlist on Sporcle, you need to verify the email address you used during registration. Go to your Sporcle Settings to finish the process.

Report this User

Report this user for behavior that violates our Community Guidelines.

Details: